Physics of Crystal Growth (Record no. 6686)

MARC details
000 -LEADER
fixed length control field 01247cam a2200313 a 4500
001 - CONTROL NUMBER
control field 4946866
003 - CONTROL NUMBER IDENTIFIER
control field OSt
005 - DATE AND TIME OF LATEST TRANSACTION
control field 20240514165633.0
008 - FIXED-LENGTH DATA ELEMENTS--GENERAL INFORMATION
fixed length control field 961125s1998 enka b 001 0 eng
010 ## - LIBRARY OF CONGRESS CONTROL NUMBER
LC control number 96051772
020 ## - INTERNATIONAL STANDARD BOOK NUMBER
International Standard Book Number 0521551986
020 ## - INTERNATIONAL STANDARD BOOK NUMBER
International Standard Book Number 0521558557 (pbk.)
040 ## - CATALOGING SOURCE
Original cataloging agency DLC
Transcribing agency DLC
Modifying agency DLC
082 00 - DEWEY DECIMAL CLASSIFICATION NUMBER
Classification number 548.5 PIM 1998
Edition number 21
100 1# - MAIN ENTRY--PERSONAL NAME
Personal name Pimpinelli, Alberto; Villain, Jacques.
9 (RLIN) 13747
245 10 - TITLE STATEMENT
Title Physics of Crystal Growth
260 ## - PUBLICATION, DISTRIBUTION, ETC. (IMPRINT)
Place of publication, distribution, etc. Cambridge;
Name of publisher, distributor, etc. Cambridge University Press,
Date of publication, distribution, etc. 1998.
300 ## - PHYSICAL DESCRIPTION
Extent xix, 377 p. :
Other physical details ill. ;
Dimensions 26 cm.
440 #0 - SERIES STATEMENT/ADDED ENTRY--TITLE
Title Collection Aléa-Saclay ;
Volume/sequential designation 4
9 (RLIN) 13748
504 ## - BIBLIOGRAPHY, ETC. NOTE
Bibliography, etc Includes bibliographical references & index.
650 #0 - SUBJECT ADDED ENTRY--TOPICAL TERM
Topical term or geographic name as entry element Solids crystals
9 (RLIN) 13749
650 #0 - SUBJECT ADDED ENTRY--TOPICAL TERM
Topical term or geographic name as entry element Statistical physics.
9 (RLIN) 8058
856 42 - ELECTRONIC LOCATION AND ACCESS
Materials specified Publisher description
Uniform Resource Identifier http://www.loc.gov/catdir/description/cam028/96051772.html
856 41 - ELECTRONIC LOCATION AND ACCESS
Materials specified Table of contents
Uniform Resource Identifier http://www.loc.gov/catdir/toc/cam022/96051772.html
856 42 - ELECTRONIC LOCATION AND ACCESS
Materials specified Contributor biographical information
Uniform Resource Identifier http://www.loc.gov/catdir/enhancements/fy1407/96051772-b.html
906 ## - LOCAL DATA ELEMENT F, LDF (RLIN)
a 7
b cbu
c orignew
d 1
e ocip
f 19
g y-gencatlg
942 ## - ADDED ENTRY ELEMENTS (KOHA)
Source of classification or shelving scheme Dewey Decimal Classification
Koha item type Open Shelf
Holdings
Withdrawn status Lost status Source of classification or shelving scheme Damaged status Not for loan Home library Current library Date acquired Source of acquisition Inventory number Total Checkouts Full call number Barcode Date last seen Koha item type
    Dewey Decimal Classification     MUST Main Library MUST Main Library 02/03/2020 Purchase 05/24454   548.5 PIM 1998 2020-0611 02/03/2020 Open Shelf
    Dewey Decimal Classification     MUST Main Library MUST Main Library 26/11/2021 Purchase 05/24456   548.5 PIM 1998 2021-1924 26/11/2021 Open Shelf
    Dewey Decimal Classification     MUST Main Library MUST Main Library 14/05/2024 Purchase 05/24455   548.5 PIM 1998 2024-0194 14/05/2024 Open Shelf